000 00583nam a2200229Ia 4500
003 OSt
005 20220928140810.0
006 a|||||r|||| 00| 0
007 ta
008 220927b |||||||| |||| 00| 0 eng d
024 _a11936
037 _cTextual
040 _aSDCL
_cSDCL
_beng
041 _2eng
_aeng
082 _aX:8, M1
100 _aSrinivasan R
_9436107
245 0 _aManagement principles and practice
260 _c1981
700 _a Chunawalla S A
_9497713
942 _hX:8, M1
_cTEXL
_2CC
999 _c814354
_d814354